[Event "Lansing (MI Am/5/37)"]
[Site "?"]
[Date "1990.??.??"]
[Round "?"]
[White "Cusenza, J."]
[Black "Troupe, D."]
[Result "0-1"]
[WhiteElo "1605"]
[BlackElo "1605"]
[PlyCount "56"]
[EventDate "1990.??.??"]

{5/(37)} 1. e4 e5 2. Bc4 Nf6 3. d3 Bc5 4. Bg5 h6 5. Bh4 d6 6. Qf3 g5 7. Bg3 Bg4
8. h4 Bxf3 9. Nxf3 g4 10. Nh2 Nbd7 11. h5 Qe7 12. Bh4 a5 13. Nc3 c6 14. a3
Bxf2+ 15. Bxf2 Nxh5 16. Nxg4 Qg5 17. Rh4 Nf4 18. Kf1 Ng6 19. Nxh6 Nxh4 20. Bxh4
Qxh4 21. Bxf7+ Kf8 22. Nf5 Qh1+ 23. Ke2 Qxa1 24. Nd1 Rh2 25. Nfe3 Kxf7 26. Kd2
b5 27. c3 d5 28. exd5 cxd5 0-1

[Event "Flint (Class DEU/3)"]
[Site "?"]
[Date "1990.??.??"]
[Round "?"]
[White "Cusenza, J."]
[Black "Thibeault, T."]
[Result "1-0"]
[WhiteElo "1605"]
[BlackElo "1605"]
[PlyCount "57"]
[EventDate "1990.??.??"]

1. e4 e5 2. Bb5 Nf6 3. d3 c6 4. Ba4 d5 5. exd5 Nxd5 6. h3 Qa5+ 7. c3 Bd7 8. Bb3
Be6 9. Nf3 Nd7 10. Bd2 Qb6 11. Qe2 Bd6 12. O-O O-O 13. Na3 N5f6 14. Bxe6 fxe6
15. Nc4 Qc5 16. d4 exd4 17. Qxe6+ Rf7 18. Nxd6 Raf8 19. Nxf7 Rxf7 20. Ng5 Qf8
21. Nxf7 Qxf7 22. Qxf7+ Kxf7 23. cxd4 a6 24. Bc3 Ne4 25. Rfe1 Ndf6 26. Rad1 Ke6
27. d5+ cxd5 28. Bxf6 gxf6 29. f3 1-0

[Event "Flint (Class DEU/1)"]
[Site "?"]
[Date "1990.??.??"]
[Round "?"]
[White "Cusenza, J."]
[Black "Suess, J."]
[Result "1-0"]
[WhiteElo "1605"]
[BlackElo "1605"]
[PlyCount "121"]
[EventDate "1990.??.??"]

1. e4 e6 2. Bb5 Nf6 3. d3 c6 4. Ba4 Na6 5. d4 Qa5+ 6. c3 Nxe4 7. Qf3 Nf6 8. Bb3
d5 9. Nh3 Be7 10. Bc2 Bd7 11. Bg5 Qd8 12. O-O h6 13. Bxf6 Bxf6 14. Nf4 Qe7 15.
Qg3 O-O-O 16. Bd3 Nc7 17. Nd2 Qd6 18. Qe3 g5 19. Nh5 Be7 20. Nf3 g4 21. Ne5
Rdf8 22. Nxg4 f5 23. Ne5 Bg5 24. f4 Bf6 25. Ng6 Be8 26. Nxf8 Bxh5 27. Nxe6 Re8
28. Qh3 Nxe6 29. Qxh5 Kd8 30. Qxf5 Ng7 31. Qg6 h5 32. Qf7 Re7 33. Qg6 Kc7 34.
Rae1 Rxe1 35. Rxe1 Qxf4 36. Rf1 Qe3+ 37. Kh1 Ne8 38. Qg3+ Qxg3 39. hxg3 Kb6 40.
Bg6 h4 41. gxh4 Bxh4 42. Bxe8 Bg5 43. g4 a5 44. Bf7 Kc7 45. Rf5 Bc1 46. b3 Bb2
47. Rf3 Kd7 48. g5 Ke7 49. Bg8 b5 50. g6 b4 51. cxb4 axb4 52. Rf4 Bc1 53. Rf7+
Kd6 54. g7 Be3 55. Rf6+ Ke7 56. Re6+ Kd7 57. Rxe3 c5 58. dxc5 Kc6 59. Re5 Kxc5
60. Rxd5+ Kc6 61. Bf7 1-0

[Event "Lansing (MI Am/4/36)"]
[Site "?"]
[Date "1990.??.??"]
[Round "?"]
[White "Cusenza, J."]
[Black "Solski, Jeff"]
[Result "0-1"]
[WhiteElo "1605"]
[BlackElo "1605"]
[PlyCount "64"]
[EventDate "1990.??.??"]

{4/(36)} 1. e4 d6 2. d4 Nf6 3. Nc3 g6 4. Qd3 Bg7 5. Bg5 c6 6. O-O-O b5 7. Bxf6
Bxf6 8. d5 b4 9. Nce2 c5 10. Qb5+ Bd7 11. Qb7 Qa5 12. Kb1 O-O 13. Nf4 Ba4 14.
Qxa8 Bxc2+ 15. Kxc2 Qxa2 16. Nd3 c4 17. Kd2 cxd3 18. Bxd3 Qxb2+ 19. Ke1 Nd7 20.
Qxa7 Nc5 21. Be2 Nxe4 22. Qe3 Bc3+ 23. Kf1 Nd2+ 24. Rxd2 Bxd2 25. Qxd2 Qxd2 26.
Nf3 Qc1+ 27. Ne1 Ra8 28. g3 Ra1 29. Kg2 b3 30. Rf1 b2 31. Nd3 Qxf1+ 32. Bxf1
b1=Q 0-1

[Event "Lansing (MI Am/1/8)"]
[Site "?"]
[Date "1990.??.??"]
[Round "?"]
[White "Cusenza, J."]
[Black "Manion, Tom"]
[Result "0-1"]
[WhiteElo "1605"]
[BlackElo "1935"]
[PlyCount "22"]
[EventDate "1990.??.??"]

{1/(8)} 1. e4 e5 2. Bb5 Nf6 3. d3 Nc6 4. Bxc6 bxc6 5. Bg5 d5 6. d4 dxe4 7. Bxf6
Qxf6 8. dxe5 Qxe5 9. c3 Ba6 10. Ne2 Bd6 11. O-O Qxh2# 0-1

[Event "Flint (Class DEU/5)"]
[Site "?"]
[Date "1990.??.??"]
[Round "?"]
[White "Cusenza, J."]
[Black "James, Larry"]
[Result "0-1"]
[WhiteElo "1605"]
[BlackElo "1605"]
[PlyCount "70"]
[EventDate "1990.??.??"]

1. e4 c5 2. Bb5 a6 3. Bc4 Nc6 4. Nf3 Nf6 5. e5 Ng4 6. Bxf7+ Kxf7 7. Ng5+ Ke8 8.
Qxg4 d6 9. e6 Ne5 10. Qf4 Qb6 11. Nf7 Bxe6 12. Nxh8 Bc4 13. Qh4 Qc6 14. d3 Qxg2
15. Qe4 Nf3+ 16. Ke2 Bd5 17. Qxd5 Nd4+ 18. Qxd4 cxd4 19. Rf1 e5 20. c3 Rc8 21.
Bd2 dxc3 22. Nxc3 Qg4+ 23. f3 Qh5 24. Be3 Kd7 25. Nd5 Rc2+ 26. Kd1 Qxh2 27. Re1
Be7 28. Rc1 Rxc1+ 29. Bxc1 Bh4 30. Re2 Qh1+ 31. Kd2 Bg5+ 32. f4 exf4 33. Nb6+
Kc6 34. Re1 Qg2+ 35. Re2 f3+ 0-1

[Event "Lansing (MI Am/3/17)"]
[Site "?"]
[Date "1990.??.??"]
[Round "?"]
[White "Cusenza, J."]
[Black "Duckles, E."]
[Result "0-1"]
[WhiteElo "1605"]
[BlackElo "1840"]
[PlyCount "76"]
[EventDate "1990.??.??"]

{3/(17)} 1. e4 e6 2. e5 d5 3. d4 c5 4. c3 Nc6 5. Nf3 Bd7 6. Be3 Qb6 7. b3 cxd4
8. cxd4 Bb4+ 9. Nbd2 Nge7 10. Bd3 Nf5 11. a3 Bc3 12. Rc1 Bxd4 13. Bxf5 Bxe3 14.
O-O Bxd2 15. Qxd2 exf5 16. Qxd5 Be6 17. Qd3 Rd8 18. Qc3 Qxb3 19. Qxb3 Bxb3 20.
Rb1 Bc4 21. Rfc1 Ba6 22. e6 fxe6 23. Ng5 Ke7 24. Re1 Rd6 25. Rbc1 h6 26. Nf3
Kf6 27. h3 e5 28. g4 Re8 29. Nh4 g6 30. f4 e4 31. gxf5 g5 32. Ng2 gxf4 33. Nxf4
e3 34. Rc5 e2 35. Nd5+ Kf7 36. Kf2 Re5 37. Nc3 Rxc5 38. Ne4 Rxf5+ 0-1

[Event "Lansing (Apr)"]
[Site "?"]
[Date "1990.??.??"]
[Round "?"]
[White "Cusenza, J."]
[Black "Caron, E."]
[Result "1-0"]
[WhiteElo "1605"]
[BlackElo "1605"]
[PlyCount "91"]
[EventDate "1990.??.??"]

1. e4 c5 2. Bb5 Nc6 3. Nf3 g6 4. O-O Bg7 5. d3 Nf6 6. e5 Ng4 7. Bxc6 bxc6 8.
Ne1 Nxe5 9. f4 O-O 10. Qe2 d6 11. fxe5 Bxe5 12. Bh6 Bg7 13. Bxg7 Kxg7 14. Nf3
f6 15. Nbd2 Ba6 16. b3 Rb8 17. Ne4 e5 18. c4 Bc8 19. h3 Be6 20. Qd2 f5 21. Neg5
Rf6 22. Nxe6+ Rxe6 23. h4 h5 24. Ng5 Re7 25. Qe3 f4 26. Qf3 Qd7 27. g3 Rf8 28.
Rae1 Qf5 29. gxf4 Rfe8 30. fxe5 Qxf3 31. Nxf3 dxe5 32. Ng5 a6 33. Ne4 a5 34.
Nxc5 Kg8 35. Ne4 Kg7 36. Re3 Rf8 37. Rxf8 Kxf8 38. Rf3+ Ke8 39. Rf6 Kd7 40.
Rxg6 Kc7 41. Rg5 Rh7 42. Rxe5 Kb6 43. Nf6 Rg7+ 44. Kh2 Rc7 45. Rxh5 c5 46. Nd5+
1-0

[Event "Lansing (Feb)"]
[Site "?"]
[Date "1990.??.??"]
[Round "?"]
[White "Cusenza, J."]
[Black "Bates, E."]
[Result "1-0"]
[WhiteElo "1605"]
[BlackElo "1605"]
[PlyCount "91"]
[EventDate "1990.??.??"]

1. e4 e5 2. Bb5 c6 3. Ba4 Bc5 4. d3 Nf6 5. Bg5 d6 6. Bb3 O-O 7. h3 Na6 8. c3
Nc7 9. Qf3 Nce8 10. Ne2 Qe7 11. Qg3 Kh8 12. Qf3 h6 13. Bh4 Be6 14. Nd2 Bxb3 15.
Nxb3 Bb6 16. Ng3 g6 17. d4 Rd8 18. Qe3 Qe6 19. Qxh6+ Kg8 20. O-O Rd7 21. f4 Ng7
22. f5 Qe7 23. fxg6 fxg6 24. Qxg6 Qf7 25. Rxf6 Qxg6 26. Rxg6 Bd8 27. Bxd8 Rdxd8
28. Nf5 Rd7 29. Rxg7+ Rxg7 30. Nxg7 Kxg7 31. dxe5 dxe5 32. Rf1 Rd8 33. Nc5 Rd2
34. Rf2 Rd1+ 35. Kh2 b6 36. Nb3 a5 37. Nd2 Ra1 38. a3 Ra2 39. Nc4 b5 40. Nxe5
c5 41. Nc6 Ra1 42. Re2 Kf6 43. e5+ Ke6 44. Nxa5 Rd1 45. g4 Rd3 46. g5 1-0

[Event "Detroit (MI Op/7/6)"]
[Site "?"]
[Date "1990.??.??"]
[Round "?"]
[White "Cunningham, R."]
[Black "Ward, Tom"]
[Result "1/2-1/2"]
[WhiteElo "2230"]
[BlackElo "2100"]
[PlyCount "104"]
[EventDate "1990.??.??"]

{7/(6)} 1. e4 c5 2. Nf3 d6 3. d4 cxd4 4. Qxd4 e6 5. Bg5 Qa5+ 6. Nc3 Nc6 7. Bb5
Bd7 8. Bxc6 bxc6 9. O-O Qb6 10. Qd2 Nf6 11. Rfe1 e5 12. Rad1 Qc7 13. Na4 a6 14.
Bxf6 gxf6 15. c4 Rd8 16. Nc3 Be6 17. b3 Be7 18. Nh4 Qd7 19. Qe3 Qb7 20. Rd3 h5
21. Red1 a5 22. Qd2 Qb4 23. Na4 Rg8 24. g3 Rg5 25. Nc3 Qc5 26. Kg2 Qb4 27. f4
exf4 28. Qxf4 Qc5 29. Nf5 Bxf5 30. exf5 Rxf5 31. Ne4 Qe5 32. Qxe5 Rxe5 33.
Nxd6+ Kf8 34. R1d2 f5 35. Kf3 Bg5 36. Rc2 c5 37. Re2 Rxe2 38. Kxe2 f4 39. gxf4
Bxf4 40. Nb7 Rxd3 41. Kxd3 Bxh2 42. Nxc5 h4 43. Ke4 h3 44. Kf3 Bc7 45. a3 Ke7
46. b4 axb4 47. axb4 f5 48. Nd3 Ke6 49. b5 h2 50. Kg2 Bb8 51. Nc5+ Ke7 52. Nd3
Ke6 1/2-1/2

[Event "Detroit (RVO/2)"]
[Site "?"]
[Date "1990.??.??"]
[Round "?"]
[White "Cunningham, R."]
[Black "Turner, Darrell"]
[Result "1-0"]
[WhiteElo "2265"]
[BlackElo "1870"]
[PlyCount "65"]
[EventDate "1990.??.??"]

1. e4 d6 2. d4 Nf6 3. Nc3 g6 4. g3 Bg7 5. Bg2 O-O 6. Nge2 c6 7. O-O Nbd7 8. a4
e5 9. h3 Qc7 10. Be3 Nb6 11. b3 Re8 12. Qd2 exd4 13. Bxd4 Nbd7 14. Rad1 Rd8 15.
g4 Nf8 16. Qe3 Be6 17. Bxa7 Qe7 18. Bb6 Re8 19. Rfe1 h5 20. g5 N6h7 21. f4 Rac8
22. Bd4 d5 23. Bxg7 Kxg7 24. exd5 Bxd5 25. Qd4+ Kg8 26. Bxd5 cxd5 27. Nxd5 Qd7
28. Qd3 Qc6 29. c4 Qc5+ 30. Qd4 Ne6 31. Qxc5 Nxc5 32. Nd4 Red8 33. Ne7+ 1-0

[Event "Lansing (MI Inv/6)"]
[Site "?"]
[Date "1990.??.??"]
[Round "?"]
[White "Cunningham, R."]
[Black "Tsemekhman, Vadim"]
[Result "0-1"]
[WhiteElo "2175"]
[BlackElo "2325"]
[PlyCount "126"]
[EventDate "1990.??.??"]

1. Nf3 g6 2. d4 Bg7 3. g3 c5 4. Bg2 cxd4 5. Nxd4 Nc6 6. Nxc6 bxc6 7. O-O Nf6 8.
c4 O-O 9. Nc3 Bb7 10. Qa4 Qc8 11. Rd1 d6 12. Rb1 Nd7 13. Qc2 a5 14. Bg5 Re8 15.
Rbc1 Nc5 16. Na4 Nxa4 17. Qxa4 Qg4 18. Be3 Qxe2 19. Rd2 Qg4 20. Bxc6 Bxc6 21.
Qxc6 h5 22. h4 Be5 23. Kg2 Rac8 24. Qd5 e6 25. Qf3 d5 26. Qxg4 hxg4 27. Bb6 Bg7
28. Bxa5 Bh6 29. c5 Ra8 30. Re1 Bxd2 31. Bxd2 Rxa2 32. Bc3 Rc8 33. b4 Rc2 34.
Be5 d4 35. Rd1 Rc4 36. Rxd4 Rxd4 37. Bxd4 Rb8 38. Bc3 Kf8 39. f3 gxf3+ 40. Kxf3
Ke7 41. g4 Ra8 42. Kf4 Ra3 43. Be1 Ra1 44. Bc3 Rc1 45. Bd2 Rc4+ 46. Kf3 f5 47.
gxf5 exf5 48. b5 Ke6 49. Be3 Rxh4 50. c6 Rh3+ 51. Kf2 Kd5 52. c7 Rh8 53. Kf3
Rc8 54. b6 Kc6 55. Kf4 Kb7 56. Kg5 Re8 57. Bc5 Re4 58. Kxg6 f4 59. Kf5 Rc4 60.
Bg1 f3 61. Ke6 Rc2 62. Be3 f2 63. c8=Q+ Kxc8 0-1

[Event "Lansing (Mini-Swiss.1/1)"]
[Site "?"]
[Date "1990.??.??"]
[Round "?"]
[White "Cunningham, R."]
[Black "Thompson, Dexter"]
[Result "1-0"]
[WhiteElo "2215"]
[BlackElo "2355"]
[PlyCount "79"]
[EventDate "1990.??.??"]

{1/(1)} 1. e4 e5 2. Nf3 Nc6 3. Bb5 a6 4. Ba4 Nf6 5. O-O Be7 6. Re1 b5 7. Bb3
O-O 8. c3 d6 9. h3 Na5 10. Bc2 c5 11. d4 Qc7 12. Nbd2 cxd4 13. cxd4 Bd7 14. Nf1
Rac8 15. Ne3 Nc6 16. d5 Nb4 17. Bb1 a5 18. a3 Na6 19. b4 Qb6 20. Bd2 a4 21. g4
g6 22. Kg2 h5 23. g5 Nh7 24. Nf5 gxf5 25. exf5 f6 26. g6 Kg7 27. gxh7 Rh8 28.
Nh4 Rxh7 29. Ng6 Kf7 30. Be3 Qb7 31. f4 Rc4 32. Kh2 Nc7 33. fxe5 Bc8 34. Nxe7
Kxe7 35. exf6+ Kf8 36. Bd3 Rc3 37. Qd2 Rb3 38. Bh6+ Kf7 39. Re7+ Kxf6 40. Qg5#
1-0

[Event "Detroit (RVO/4)"]
[Site "?"]
[Date "1990.??.??"]
[Round "?"]
[White "Cunningham, R."]
[Black "Ross, G."]
[Result "1-0"]
[WhiteElo "2265"]
[BlackElo "1825"]
[PlyCount "73"]
[EventDate "1990.??.??"]

1. e4 c6 2. d4 d5 3. exd5 cxd5 4. c4 Nf6 5. Nc3 Bf5 6. Qb3 Qb6 7. Qxb6 axb6 8.
cxd5 e6 9. Bb5+ Nbd7 10. dxe6 fxe6 11. Nge2 Bd6 12. Bf4 Bxf4 13. Nxf4 Kf7 14.
O-O g5 15. Nfe2 h5 16. Rad1 Rhd8 17. f4 g4 18. a3 h4 19. d5 Nc5 20. Nd4 Kg6 21.
dxe6 Nxe6 22. Nxf5 Rxd1 23. Nxh4+ Kh5 24. Rxd1 Nc7 25. g3 Ra5 26. a4 Nxb5 27.
axb5 Ra8 28. Kg2 Re8 29. Nf5 Kg6 30. Nd6 Re7 31. h4 gxh3+ 32. Kxh3 Nh5 33. Rd5
Nf6 34. Re5 Rh7+ 35. Kg2 Rh5 36. Rg5+ Kh7 37. Nce4 1-0

[Event "Lansing (MI Inv/2)"]
[Site "?"]
[Date "1990.??.??"]
[Round "?"]
[White "Cunningham, R."]
[Black "Noren, Kevin"]
[Result "0-1"]
[WhiteElo "2175"]
[BlackElo "2265"]
[PlyCount "132"]
[EventDate "1990.??.??"]

1. e4 e6 2. d4 d5 3. Nd2 Nf6 4. Bd3 c5 5. e5 Nfd7 6. c3 Nc6 7. Ngf3 f5 8. exf6
Nxf6 9. O-O cxd4 10. cxd4 Bd6 11. Re1 O-O 12. Nf1 Qb6 13. Ng3 Kh8 14. Be3 Bd7
15. Qe2 Rae8 16. a3 Re7 17. Rac1 Be8 18. Qc2 Qd8 19. b4 a6 20. Qd2 h6 21. Rb1
Ng4 22. Bc2 Nxe3 23. Qxe3 Rf6 24. Ne5 Qb6 25. Qd3 g5 26. Ng4 Bg6 27. Qc3 Qxd4
28. Qxd4 Nxd4 29. Nxf6 Nxc2 30. Rec1 Nxa3 31. Rb3 Nc4 32. Re1 Kg7 33. Ng4 Bc2
34. Rf3 Bxb4 35. Nh5+ Kh7 36. Re2 Bf5 37. Ngf6+ Kg6 38. g4 Bxg4 39. Nxg4 Kxh5
40. h3 Kg6 41. Rf6+ Kg7 42. Rfxe6 Rxe6 43. Rxe6 a5 44. Ne5 b5 45. Nxc4 dxc4 46.
Rb6 c3 47. Rxb5 Ba3 48. Rb7+ Kf6 49. Rc7 Bb2 50. Rc4 a4 51. Rxa4 c2 52. Rc4
c1=Q+ 53. Rxc1 Bxc1 54. Kg2 Kf5 55. Kg3 Bd2 56. h4 Be1 57. Kf3 Bxf2 58. hxg5
hxg5 59. Kxf2 Kf4 60. Kg2 Kg4 61. Kh2 Kf3 62. Kh3 g4+ 63. Kh2 Kf2 64. Kh1 Kg3
65. Kg1 Kh3 66. Kh1 g3 0-1

[Event "Lansing (Mini-Swiss.1/3)"]
[Site "?"]
[Date "1990.??.??"]
[Round "?"]
[White "Cunningham, R."]
[Black "Noren, Kevin"]
[Result "1/2-1/2"]
[WhiteElo "2215"]
[BlackElo "2215"]
[PlyCount "52"]
[EventDate "1990.??.??"]

{1/(3)} 1. e4 e6 2. d4 d5 3. Nd2 Nf6 4. Bd3 c5 5. e5 Nfd7 6. c3 Nc6 7. Ngf3 f5
8. exf6 Nxf6 9. O-O cxd4 10. cxd4 Bd6 11. Re1 O-O 12. Nf1 Qb6 13. Ng3 Kh8 14.
Ng5 e5 15. Bxh7 Qxd4 16. Qxd4 Nxd4 17. Bg6 Kg8 18. Be3 Ne6 19. Nf5 Bb4 20. a3
Bxe1 21. Ne7+ Kh8 22. Bf7 Nxg5 23. Ng6+ Kh7 24. Nxf8+ Kh8 25. Ng6+ Kh7 26. Nf8+
Kh8 1/2-1/2

[Event "Lansing (MI Inv/7)"]
[Site "?"]
[Date "1990.??.??"]
[Round "?"]
[White "Cunningham, R."]
[Black "Mazuchowski, Tom"]
[Result "1/2-1/2"]
[WhiteElo "2175"]
[BlackElo "2240"]
[PlyCount "48"]
[EventDate "1990.??.??"]

1. e4 c5 2. Nf3 Nc6 3. d4 cxd4 4. Nxd4 e5 5. Nb5 d6 6. N1c3 a6 7. Na3 b5 8. Nd5
Nge7 9. Bg5 h6 10. Bxe7 Bxe7 11. c3 O-O 12. Nc2 Bg5 13. a4 bxa4 14. Rxa4 a5 15.
Bc4 Rb8 16. Ra2 Ne7 17. Nce3 Bb7 18. Nxe7+ Bxe7 19. Qd3 g6 20. O-O Bc6 21. b3
Qb6 22. Nd5 Bxd5 23. Qxd5 Bd8 24. Rd1 Bc7 1/2-1/2

[Event "Detroit (MI Op/3/6)"]
[Site "?"]
[Date "1990.??.??"]
[Round "?"]
[White "Cunningham, R."]
[Black "Jirjis, Faris"]
[Result "1/2-1/2"]
[WhiteElo "2230"]
[BlackElo "2090"]
[PlyCount "43"]
[EventDate "1990.??.??"]

{3/(6)} 1. e4 e5 2. Nf3 Nf6 3. Nxe5 d6 4. Nf3 Nxe4 5. d4 d5 6. Bd3 Bd6 7. O-O
O-O 8. Re1 Re8 9. c4 c6 10. Nc3 Nxc3 11. Rxe8+ Qxe8 12. bxc3 h6 13. Be3 Bg4 14.
h3 Bh5 15. cxd5 cxd5 16. g4 Bg6 17. Bxg6 fxg6 18. Qb3 Qc6 19. Rc1 b5 20. Ne5
Bxe5 21. dxe5 Na6 22. Rd1 1/2-1/2

[Event "Lansing (MI Inv/4)"]
[Site "?"]
[Date "1990.??.??"]
[Round "?"]
[White "Cunningham, R."]
[Black "Finegold, Ron"]
[Result "1/2-1/2"]
[WhiteElo "2175"]
[BlackElo "2215"]
[PlyCount "39"]
[EventDate "1990.??.??"]

1. e4 e5 2. Nf3 Nc6 3. Bb5 Nge7 4. O-O g6 5. c3 Bg7 6. d4 a6 7. Ba4 b5 8. Bb3
d6 9. Be3 O-O 10. Nbd2 Na5 11. Bc2 exd4 12. Bxd4 Nec6 13. Bxg7 Kxg7 14. b4 Nb7
15. a4 Bd7 16. Qe2 Qf6 17. axb5 axb5 18. Rxa8 Rxa8 19. Qxb5 Qxc3 20. Qxb7
1/2-1/2

[Event "Detroit (MI Op/5/6)"]
[Site "?"]
[Date "1990.??.??"]
[Round "?"]
[White "Cunningham, R."]
[Black "Everett, Morgan"]
[Result "1/2-1/2"]
[WhiteElo "2230"]
[BlackElo "2080"]
[PlyCount "89"]
[EventDate "1990.??.??"]

{5/(6)} 1. e4 e5 2. Nf3 Nc6 3. Bb5 a6 4. Ba4 Nf6 5. O-O b5 6. Bb3 Be7 7. Re1
O-O 8. c3 d6 9. h3 Nb8 10. d4 Nbd7 11. Nbd2 Bb7 12. Bc2 Re8 13. b4 Bf8 14. Bb2
Rb8 15. a4 Nb6 16. a5 Nbd7 17. d5 g6 18. Nf1 Bg7 19. Ne3 Nf8 20. Ng4 Bc8 21.
Nxf6+ Qxf6 22. Bc1 h6 23. Be3 g5 24. Nh2 Qg6 25. Qf3 Nh7 26. g4 Nf6 27. Kg2
Nxd5 28. Bb3 Nf6 29. Bd2 Bb7 30. Bc2 d5 31. Qf5 Qxf5 32. exf5 d4+ 33. f3 dxc3
34. Bxc3 Nd5 35. Bd2 e4 36. Ra3 exf3+ 37. Nxf3 Rxe1 38. Bxe1 Re8 39. Bd2 Re2+
40. Kf1 Nf4 41. Bd1 Re4 42. h4 Bf6 43. hxg5 hxg5 44. Bc2 Rc4 45. Bb3 1/2-1/2

[Event "Detroit (MI Op/1a/8)"]
[Site "?"]
[Date "1990.??.??"]
[Round "?"]
[White "Cunningham, R."]
[Black "El-murr, Toni"]
[Result "1-0"]
[WhiteElo "2230"]
[BlackElo "1940"]
[PlyCount "180"]
[EventDate "1990.??.??"]

1. e4 d6 2. d4 Nd7 3. Nf3 e6 4. c4 Be7 5. Nc3 c6 6. Be2 e5 7. Be3 Ngf6 8. h3
Qa5 9. O-O O-O 10. a3 Re8 11. b4 Qc7 12. dxe5 dxe5 13. c5 Nf8 14. Bc4 Be6 15.
Qb3 Bxc4 16. Qxc4 Ne6 17. Ng5 Nxg5 18. Bxg5 Rad8 19. Rfd1 Rxd1+ 20. Rxd1 Rd8
21. Bxf6 Rxd1+ 22. Nxd1 Bxf6 23. Qd3 Kf8 24. Ne3 Qd8 25. Qxd8+ Bxd8 26. Nc4 Bc7
27. Kf1 Ke7 28. Ke2 Ke6 29. g4 g6 30. Kd3 f5 31. f3 f4 32. Kc3 Kd7 33. a4 b5
34. cxb6 axb6 35. Na3 Bd6 36. Kc4 Ke6 37. Nc2 Bc7 38. Ne1 Kd6 39. Nd3 Bd8 40.
Nc1 Bc7 41. Nb3 Bb8 42. b5 Bc7 43. Nc1 Bd8 44. Nd3 c5 45. a5 bxa5 46. Nxc5 Bb6
47. Nd3 Bd4 48. Nxf4 g5 49. Ne2 Bc5 50. Nc3 Be3 51. Nd5 Bd2 52. Nb6 Be3 53. Na4
Bd4 54. b6 Kc6 55. b7 Kxb7 56. Kb5 Kc7 57. Kxa5 Kc6 58. Kb4 Be3 59. Nb2 Bc5+
60. Kc4 Ba3 61. Nd1 Bc1 62. Nc3 Kd6 63. Kb5 Ke6 64. Kc6 Bd2 65. Na4 Bf4 66.
Nc5+ Ke7 67. Kd5 Bh2 68. Nd3 Kf6 69. Kd6 Bg3 70. Nc5 Bh2 71. Nd7+ Kf7 72. Kd5
Ke7 73. Nxe5 Kf6 74. Nd3 Ke7 75. e5 Bg1 76. Ke4 Ke6 77. f4 gxf4 78. Nxf4+ Ke7
79. Kf5 Bd4 80. Nd5+ Kf7 81. e6+ Kg7 82. g5 Bc5 83. h4 h6 84. gxh6+ Kxh6 85. e7
Bxe7 86. Nxe7 Kh5 87. Ng6 Kh6 88. Nf4 Kh7 89. Kg5 Kg7 90. Ne6+ Kh7 1-0

[Event "Detroit (RVO/5)"]
[Site "?"]
[Date "1990.??.??"]
[Round "?"]
[White "Cunningham, R."]
[Black "Eagle, Chris"]
[Result "1-0"]
[WhiteElo "2265"]
[BlackElo "2100"]
[PlyCount "69"]
[EventDate "1990.??.??"]

1. e4 g6 2. d4 Bg7 3. c4 d6 4. Nc3 Nf6 5. Be2 O-O 6. Nf3 e5 7. O-O Nc6 8. d5
Ne7 9. Ne1 Nd7 10. Nd3 f5 11. Bd2 Nf6 12. f3 f4 13. Rc1 g5 14. c5 Ng6 15. cxd6
cxd6 16. Nb5 Rf7 17. Qc2 Ne8 18. Nf2 Bf8 19. Nxa7 Bd7 20. Nb5 Bxb5 21. Bxb5 Nf6
22. a4 h5 23. h3 Rg7 24. a5 h4 25. a6 bxa6 26. Be2 g4 27. fxg4 Raa7 28. Qc8 Qb6
29. Qe6+ Raf7 30. Rc8 Qxb2 31. Rfc1 Qxd2 32. Rxf8+ Kh7 33. Rxf7 Qxc1+ 34. Bf1
f3 35. Qxf6 1-0

[Event "Flint (MEX/1)"]
[Site "?"]
[Date "1990.??.??"]
[Round "?"]
[White "Cunningham, R."]
[Black "Duncan, Jack"]
[Result "0-1"]
[WhiteElo "2220"]
[BlackElo "2070"]
[PlyCount "94"]
[EventDate "1990.??.??"]

1. e4 e5 2. Nf3 Nc6 3. Bb5 a6 4. Ba4 Nf6 5. O-O Be7 6. Re1 b5 7. Bb3 O-O 8. c3
d6 9. h3 Nb8 10. d4 Nbd7 11. Nbd2 Bb7 12. a4 h6 13. Qe2 c6 14. Nf1 Re8 15. Ng3
Bf8 16. dxe5 dxe5 17. Nh2 Nc5 18. Bc2 g6 19. Qf3 Qe7 20. Be3 Bg7 21. b4 Ne6 22.
Ng4 Nxg4 23. Qxg4 h5 24. Qf3 c5 25. bxc5 Nxc5 26. axb5 axb5 27. Bxc5 Qxc5 28.
Bb3 Qe7 29. Nf1 Rac8 30. Ne3 Bh6 31. Red1 Rc7 32. Nd5 Bxd5 33. Bxd5 Rec8 34.
Rd3 Kg7 35. Ra6 Bc1 36. Ra8 Rxa8 37. Bxa8 Qc5 38. Rd5 Qa7 39. Rd8 Bg5 40. Re8
Qa1+ 41. Kh2 Rxc3 42. Qe2 h4 43. Qxb5 Bf4+ 44. g3 hxg3+ 45. Kg2 gxf2 46. Kxf2
Qa2+ 47. Qe2 Bg3+ 0-1

[Event "Lansing (Mini-Swiss.6/3)"]
[Site "?"]
[Date "1990.??.??"]
[Round "?"]
[White "Cunningham, J."]
[Black "Vangilder, W."]
[Result "1-0"]
[WhiteElo "1605"]
[BlackElo "1605"]
[PlyCount "90"]
[EventDate "1990.??.??"]

{6/(3)} 1. e4 e5 2. c4 Nf6 3. Nc3 Bb4 4. Qc2 d6 5. d3 Bc5 6. h3 Nc6 7. Nf3 h6
8. Nd5 Nxd5 9. cxd5 Nd4 10. Nxd4 Bxd4 11. f4 Qh4+ 12. Kd1 exf4 13. Qa4+ Bd7 14.
Qxd4 O-O 15. Bd2 Rfe8 16. Be1 Qg5 17. Be2 Qe5 18. Qxe5 dxe5 19. Bf3 Rad8 20. g3
Bb5 21. Kd2 c6 22. gxf4 exf4 23. d4 cxd5 24. e5 Re7 25. Bh4 g5 26. Bf2 Rc7 27.
h4 Kg7 28. Bh5 Rdc8 29. Rac1 Rxc1 30. Rxc1 Rxc1 31. Kxc1 Bc4 32. b3 Bd3 33.
hxg5 hxg5 34. Bf3 Be4 35. Bh5 Bg6 36. Bg4 b6 37. Kd2 a6 38. Kc3 a5 39. e6 fxe6
40. Bxe6 Be4 41. b4 Kf6 42. Bd7 Bf5 43. Bc6 Be4 44. bxa5 bxa5 45. Be1 Ke6 1-0

[Event "Lansing (Jan)"]
[Site "?"]
[Date "1990.??.??"]
[Round "?"]
[White "Cunningham, J."]
[Black "Troupe, D."]
[Result "1-0"]
[WhiteElo "1605"]
[BlackElo "1605"]
[PlyCount "61"]
[EventDate "1990.??.??"]

1. e4 e5 2. Nf3 Nc6 3. Bc4 Nf6 4. Nc3 Bb4 5. Nd5 Nxe4 6. c3 Bc5 7. d4 exd4 8.
cxd4 Bb4+ 9. Nxb4 Nxb4 10. O-O O-O 11. Bb3 d6 12. Qe1 Re8 13. Qxb4 c5 14. dxc5
dxc5 15. Qc4 Re7 16. Ng5 Nd6 17. Qxc5 b6 18. Qc2 Bf5 19. Qc6 Rc8 20. Qf3 Qd7
21. Bf4 Bg6 22. Bxd6 Qxd6 23. Rad1 Qe5 24. Rd5 Qe1 25. h4 Qb4 26. h5 Be4 27.
Nxe4 Qxe4 28. Qxe4 Rxe4 29. Rd7 Rh4 30. Rxa7 Rxh5 31. Bxf7+ 1-0

[Event "Lansing (MI Am/4/37)"]
[Site "?"]
[Date "1990.??.??"]
[Round "?"]
[White "Cunningham, J."]
[Black "Sells, P."]
[Result "1-0"]
[WhiteElo "1605"]
[BlackElo "1605"]
[PlyCount "61"]
[EventDate "1990.??.??"]

{4/(37)} 1. Nf3 Nf6 2. d4 g6 3. Nc3 d5 4. Bg5 Bg7 5. Bxf6 Bxf6 6. e3 O-O 7. h4
Bg4 8. Be2 c5 9. Ne5 Bxe2 10. Nxe2 cxd4 11. exd4 Qd6 12. f4 Bg7 13. h5 g5 14.
fxg5 Bxe5 15. dxe5 Qxe5 16. c3 Qxg5 17. Qd3 Nc6 18. Rh3 Kh8 19. Rg3 Qh6 20. Nd4
Ne5 21. Qf5 Nc4 22. Rd1 Ne3 23. Qe5+ f6 24. Qxe3 Qxh5 25. Kd2 Rg8 26. Rh3 Rxg2+
27. Kc1 Qg6 28. Rdh1 Rg8 29. Rxh7+ Qxh7 30. Rxh7+ Kxh7 31. Qh3+ 1-0

[Event "Lansing (MI Am/2/37)"]
[Site "?"]
[Date "1990.??.??"]
[Round "?"]
[White "Cunningham, J."]
[Black "Miller, John"]
[Result "0-1"]
[WhiteElo "1605"]
[BlackElo "1605"]
[PlyCount "110"]
[EventDate "1990.??.??"]

{2/(37)} 1. e4 c5 2. c4 Nc6 3. Nc3 d6 4. Be2 Nf6 5. h3 e6 6. Nf3 g6 7. O-O Be7
8. d3 O-O 9. Be3 e5 10. Qd2 Re8 11. Nd5 Be6 12. Nxf6+ Bxf6 13. Bh6 Nd4 14. Nxd4
cxd4 15. f4 exf4 16. Rxf4 Be5 17. Rf3 f6 18. Raf1 Rc8 19. h4 Rc7 20. Bf4 f5 21.
h5 fxe4 22. dxe4 Bg4 23. Rg3 Bxf4 24. Rxf4 Bxe2 25. Qxe2 Rf8 26. Rxf8+ Qxf8 27.
hxg6 h6 28. Qh5 Rc5 29. Qg4 Qe7 30. Rf3 Rxc4 31. g7 Rc1+ 32. Rf1 Rxf1+ 33. Kxf1
Qf7+ 34. Ke2 Qc4+ 35. Kf3 Qd3+ 36. Kf2 Qe3+ 37. Kf1 Qc1+ 38. Kf2 Qxb2+ 39. Qe2
Qxe2+ 40. Kxe2 Kxg7 41. Kd3 Kf6 42. Kxd4 Ke6 43. Ke3 Ke5 44. Kf3 b5 45. Kg4
Kxe4 46. Kh5 d5 47. g4 d4 48. Kxh6 d3 49. g5 d2 50. g6 d1=Q 51. g7 Qh1+ 52. Kg6
Qg2+ 53. Kf7 Qxa2+ 54. Kf8 b4 55. Ke7 Qg8 0-1

[Event "Lansing (Feb)"]
[Site "?"]
[Date "1990.??.??"]
[Round "?"]
[White "Cunningham, J."]
[Black "Helm, E."]
[Result "1-0"]
[WhiteElo "1605"]
[BlackElo "1605"]
[PlyCount "73"]
[EventDate "1990.??.??"]

1. e4 e5 2. Nf3 Nc6 3. Bc4 Qe7 4. d3 Nf6 5. Ng5 d5 6. exd5 Nd4 7. d6 cxd6 8.
Bxf7+ Kd8 9. Bc4 h6 10. Nf7+ Ke8 11. Nxh8 d5 12. Bb3 Qf7 13. Nxf7 Kxf7 14. Ba4
Bd7 15. Bxd7 Nxd7 16. Qh5+ Kg8 17. Qg4 Rd8 18. Bxh6 Nf6 19. Bg5 Nxc2+ 20. Kd1
Nxg4 21. Bxd8 Nxf2+ 22. Kxc2 Nxh1 23. Nc3 Nf2 24. Nxd5 a6 25. h3 e4 26. dxe4
Nxe4 27. Re1 Nc5 28. Re8 Nd7 29. h4 Kf7 30. Re4 Nc5 31. Rf4+ Kg8 32. Be7 Ne6
33. Re4 Kf7 34. Bxf8 Nxf8 35. Re5 Nd7 36. Re7+ Kf8 37. Rxd7 1-0